000 00990nab a22002297a 4500
999 _c6057
_d6057
003 OSt
005 20260120235014.0
008 190514b xxu||||| |||| 00| 0 spa d
040 _cPJ
100 _96680
_aArias, Emmanuel Alexis
245 1 0 _aViolencia de género religiosa vs. libertad de culto /
_cEmmanuel Alexis Arias.
300 _ap. 164-168
500 _aCita: TR LALEY AR/DOC/256/2024.
505 _aSumario: I. Breve reseña del caso.— II. Análisis del fallo.
505 _tFallo comentado: JNiñez,Adoles.Viol.Fliar y de Género de 4° nom., Córdoba ~ 27/06/2023 ~ K. y otros s/ denuncia por violencia de género.
650 0 _9967
_aDERECHO DE FAMILIA
650 0 _93053
_aVIOLENCIA DE GÉNERO
650 0 _91214
_aLIBERTAD DE CULTOS
650 0 _91057
_aJURISPRUDENCIA APLICABLE
773 0 _02844
_93222
_dBuenos Aires : AbeledoPerrot, 1989-
_tDerecho de familia. Revista Interdisciplinaria de doctrina y jurisprudencia. Abril 2024-II.
_z18511201
942 _2udc
_cANA